|
|
|
|
| LEADER |
00000nam0a2200000 4500 |
| 001 |
108808 |
| 005 |
20231101214826.0 |
| 010 |
|
|
|a 5943714049
|
| 035 |
|
|
|a (RuTPU)RU\TPU\book\117460
|
| 090 |
|
|
|a 108808
|
| 100 |
|
|
|a 20070126d2003 km y0rusy50 ca
|
| 101 |
1 |
|
|a rus
|c eng
|
| 102 |
|
|
|a RU
|
| 105 |
|
|
|a y z 000zb
|
| 200 |
1 |
|
|a Бизнес путь: Руперт Мердок. 10 секретов крупнейшего в мире медиамагната
|e пер. с англ.
|f С. Крейнер
|
| 210 |
|
|
|a СПб.
|c Крылов
|d 2003
|
| 215 |
|
|
|a 176 с.
|
| 225 |
1 |
|
|a VIP-консультирование
|
| 225 |
1 |
|
|a BigShots
|
| 330 |
|
|
|a «Бизнес путь: Руперт Мердок» поможет менеджерам, предпринимателям или инвесторам извлечь уроки из замечательной истории успеха Мердока. Эта книга — одновременно вдохновляющая история успеха и бесценный учебный курс для следующего поколения победителей.
|
| 600 |
|
1 |
|a Мердок
|b Р.
|c австралийский издательский магнат
|c миллиардер
|f 1931-
|g Руперт
|2 stltpush
|3 (RuTPU)RU\TPU\pers\11803
|9 2950
|
| 610 |
1 |
|
|a экономика
|
| 610 |
1 |
|
|a бизнес
|
| 610 |
1 |
|
|a США
|
| 610 |
1 |
|
|a Австралия
|
| 610 |
1 |
|
|a Великобритания
|
| 610 |
1 |
|
|a компании
|
| 610 |
1 |
|
|a фирмы
|
| 610 |
1 |
|
|a создание
|
| 610 |
1 |
|
|a управление
|
| 610 |
1 |
|
|a успех
|
| 610 |
1 |
|
|a медиабизнес
|
| 610 |
1 |
|
|a масс-медиа
|
| 610 |
1 |
|
|a издательское дело
|
| 610 |
1 |
|
|a персоналии
|
| 686 |
|
|
|a У829
|v LBC/SL-A
|2 rubbk
|
| 700 |
|
1 |
|a Крейнер
|b С.
|g Стюарт
|
| 801 |
|
1 |
|a RU
|b 63413507
|c 20070126
|g PSBO
|
| 801 |
|
2 |
|a RU
|b 63413507
|c 20120709
|g PSBO
|
| 900 |
|
|
|a История зарубежных средств массовой информации
|
| 942 |
|
|
|c BK
|